000
00316nam a2200133Ia 4500
008
150201s2008 xx 000 0 und d
082
_a
612
_b
T08P
100
_a
PORTER,STUART
245
_a
TIDY'S PHYSIOTHERAPY
250
_a
14TH
260
_b
CHURCHILL
_a
DELHI
_c
2008
650
_a
ORTHOPAEDICS
942
_2
ddc
_c
BK
_0
10
999
_c
1207
_d
1207